000 01794nam a2200385 i 4500
001 192985
003 SpMaBN
005 20250819053540.0
007 ta
008 230714s2006 sp | ||| ||spa
017 _aM 40324-2006
_bOficina Depósito Legal Madrid
020 _a8496231976
035 _a(OCoLC)77559479
035 _abimo0002153211
040 _bspa
_cEs-MaACL
_erdc
080 _a821.112.2-31"19"
100 1 _aKehlmann, Daniel,
_d1975-
_0XX1729064
_9233729
_eaut
245 1 3 _aLa medición del mundo :
_bun fascinante encuentro entre la literatura y la ciencia /
_cDaniel Kehlmann ; traducción, Rosa Pilar Blanco.
260 _aMadrid :
_bMaeva,
_c[2006]
300 _a220 páginas ;
_c25 cm
336 _2rdacontent
_aTexto
337 _2rdamedia
_asin mediación
338 _2rdacarrier
_avolumen
500 _aÍndice
520 _aUna historia llena de fina ironía centrada en dos personajes extraordinarios: Alexander von Humboldt, naturista, explorador y aventurero, y Carl Friedrich Gauss, matemático y astrónomo. Cuando se reencuentran en Berlín en 1828, recuerdan sus años de juventud, que dedicaron a la descomunal empresa de medir el mundo y, entretanto, a vivir mil y una aventuras. El autor nos los muestra en todas sus facetas y consigue una perspectiva humana inédita de estos dos grandes nombres de la historia
534 _pTraducción de: Die Vermessung der Welt
650 7 _aLiteratura y ciencia
_2
_914673
655 7 _2tgfbne
_9234409
_aNovelas biográficas
700 1 _929205
_aBlanco, Rosa Pilar
_etrl
852 _aES-MaACL
_bR. 152696
_cDEPOJ
_hDonación: Editorial
_jN-8500
_xCartoné
_9200288
942 _n0
_cMONOGRAFIA
999 _c192985
_d192985